| 000 | 00783nam a2200193 a 4500 | ||
|---|---|---|---|
| 001 | 000033904 | ||
| 005 | 20200930070619.0 | ||
| 008 | 110914s1988 es 000 0 spa d | ||
| 020 | _a8400068491 | ||
| 040 |
_aDO-SdBNP _bspa _cBNPHU |
||
| 100 | 1 |
_aGonzález Calleja, Eduardo _959348 |
|
| 245 | 1 | 3 |
_aLa hispanidad como instrumento de combate : _braza e imperio en la prensa franquista durante la guerra civil española / _cEduardo González Calleja, Fredes Limón Nevado. |
| 260 |
_aMadrid : _bConsejo Superior de Investigaciones Científicas, _bCentro de Estudios Históricos, _c1988. |
||
| 300 |
_a152 p. ; _c23 cm. |
||
| 490 | 1 |
_aMonografías _v5 |
|
| 500 | _aIncluye referencias bibliográficas y notas al pie de las páginas | ||
| 830 | 0 |
_aMonografías _v5 _915334 |
|
| 049 | _aBNPD | ||
| 999 |
_c33395 _d33395 |
||